000 00487nmm a2200157Ia 4500
008 251105s9999||||xx |||||||||||||||||und||
041 _aspa
100 _aGil Ezquerro, Helena
245 0 _aCrea tu web con WordPress
264 _a[Madrid, España] :
_bMinisterio de Educación, Cultura y Deporte de España,
_c2014
300 _a309 páginas
490 _aAula Mentor
650 _aTechnology and computing
856 _uhttps://public.digitaliapublishing.com/a/39818
942 _cCF
999 _c98435
_d98435